Szűkös a városi büdzsé Csillagrend két szegedinek : 160 milliós kérdőjel : Ötezres sarc autósoknak : Lenin "elköltözött" /

Elmentve itt :
Bibliográfiai részletek
Szerzők: Szávay István
Nyilas Péter
Dokumentumtípus: Cikk
Megjelent: 1990-03-31
Sorozat:Délmagyarország 80 No. 76
Kulcsszavak:városi tanács
Online Access:http://dmarchiv.bibl.u-szeged.hu/114239
LEADER 00598nab a2200169 i 4500
001 delm114239
005 20190926093127.0
008 190926s1990 hu o 0|| hun d
040 |a SZTE Délmagyarország Archívum  |b hun 
041 |a hun 
100 1 |a Szávay István 
245 1 0 |a Szűkös a városi büdzsé   |h [elektronikus dokumentum] :  |b Csillagrend két szegedinek : 160 milliós kérdőjel : Ötezres sarc autósoknak : Lenin "elköltözött" /  |c  Szávay István 
260 |c 1990-03-31 
300 |a 1-2 
490 0 |a Délmagyarország  |v 80 No. 76 
695 |a városi tanács 
700 0 1 |a Nyilas Péter  |e aut